000 00680cam a2200205 i 4500
005 20251210112115.0
008 250721s2005 jo gr 000 0 ara d
020 _a9957212222
082 1 4 _a216.25
_bل ه ي
100 1 _aاللهيميد، سليمان بن محمد
_eمؤلف.
245 1 0 _aكتاب الحج /
_cسليمان بن محمد اللهيميد.
264 3 1 _aعمان :
_bبيت الأفكار الدولية،
_c2005.
300 _a111صفحة.
650 1 7 _aالحج.
650 1 7 _aرمي الجمار.
650 1 7 _aالإحرام.
650 1 7 _aالسعي بين الصفا والمروة.
942 _2ddc
_cBK
999 _c99135
_d99135